000 00402nam a22001697a 4500
003 macl
005 20160203125953.0
008 160203b xxu||||| |||| 00| 0 eng d
040 _cmacl
041 _aEnglish
082 _a793/SAR
100 _aSaraf Ritu
_936554
245 _aCultural Dances of India
260 _aAllahabad
_bShabad Prakashan
_c2012
650 _aDance
_936555
942 _2ddc
_cBK
999 _c53026
_d53026